|
|
|
|
| LEADER |
00000nta a2200000 i 4500 |
| 001 |
dolg2044 |
| 005 |
20160310125414.0 |
| 008 |
150509suuuu hu om 000 hun d |
| 040 |
|
|
|a BGE Dolgozattár Repozitórium
|b hun
|
| 041 |
|
|
|a hu
|
| 100 |
1 |
|
|a Farkas Richárd
|
| 245 |
1 |
0 |
|a Felnőttképzési módszerek változatossága, alkalmazási lehetőségei - Testőrképzés a világban
|c Farkas Richárd
|h [elektronikus dokumentum]
|
| 695 |
|
|
|a testőr
|
| 695 |
|
|
|a felnőttképzés
|
| 700 |
1 |
|
|a Oláhné Zieser Zsuzsanna
|e ths
|
| 856 |
4 |
0 |
|u http://dolgozattar.uni-bge.hu/2044/1/Szadolgozat_v%C3%A9gleges%20jav%2020150509.pdf
|z Dokumentum-elérés
|